| Поле | Инд. | ПП | Название | Значение |
|---|---|---|---|---|
| Тип записи | a | |||
| Библиографический уровень | b | |||
| 001 | Контрольный номер | RU/IS/BASE/264552959 | ||
| 005 | Дата корректировки | 20260327005431.9 | ||
| 008 | Кодируемые данные | 19951209 | ||
| 084 | a | Индекс другой классификации/Индекс ББК | 81.053.6 | |
| a | Индекс другой классификации/Индекс ББК | 81.411.2-323-36 | ||
| a | Индекс другой классификации/Индекс ББК | 81.41-36 | ||
| 097 | 00 | a | 750 | |
| 100 | 10 | a | Автор | Мокиенко В. М. |
| 245 | 00 | a | Заглавие | Идеография и историко-этимологический анализ фразеологии |
| 504 | 00 | a | Библиография | Библиогр.: с. 11 - 13 |
| 650 | 04 | a | Основная рубрика | лексикология |
| a | Основная рубрика | общее языкознание | ||
| a | Основная рубрика | русский язык | ||
| a | Основная рубрика | филологические науки | ||
| a | Основная рубрика | фразеология | ||
| a | Основная рубрика | частное языкознание | ||
| a | Основная рубрика | этимология | ||
| a | Основная рубрика | языкознание | ||
| 653 | 00 | a | Ключевые слова | идеография |
| a | Ключевые слова | историко-этимологический анализ | ||
| a | Ключевые слова | славянские языки | ||
| 773 | 00 | t | Заглавие источника | Вопросы языкознания |
| d | Дата издания источника | 1995 | ||
| g | Прочая информация | № 4. - С. 3 - 13 | ||
| w | Контрольный № источника | RU/IS/BASE/134584334 | ||
| 901 | t | Тип документа | b |